000 00808nam a2200193 a 4500
001 000035054
005 20200930074056.0
008 111024s1959 ag 000 0 spa d
040 _aDO-SdBNP
_bspa
_cBNPHU
100 1 _aGuillaume, Paul,
_d1878-
_960695
245 1 0 _aManual de psicología /
_cPaul Guillaume ; prólogo y supervisión de la versión castellana del Dr. Marcos Victoria ; versión castellana de Miguel Murmis.
260 _aBuenos Aires :
_bPaidós,
_c1959.
300 _a357 p. :
_bil. ;
_c23 cm.
490 1 _aBiblioteca de psicología general ;
_v2
500 _aIncluye referencias bibliográficas y notas al pie de las páginas
590 _aPerteneció a la biblioteca personal de Juan Isidro Jimenes Grullón.
830 0 _aBiblioteca de psicología general
_v2
_960228
049 _aBNPD
999 _c34545
_d34545